Economics decentralised seed nursing and breeding of silver barb in prey veng and preah sdech dristricts prey veng provunce, សេដ្ឋកិច្ចនៃការផ្សាំកូនត្រី នងបច្ចេកទេសបង្កាត់ភ្ញាស់ត្រីឆ្ពិននៅមូលដ្ឋានស្រុកព្រៃវែង និង ស្រុកព្រះស្ដេចក្នុងខេត្តក្នុងខេត្ព្រៃវែងត (Record no. 3682)

000 -LEADER
fixed length control field 00864nam a22001577a 4500
003 - CONTROL NUMBER IDENTIFIER
control field OSt
005 - DATE AND TIME OF LATEST TRANSACTION
control field 20151120145422.0
008 - FIXED-LENGTH DATA ELEMENTS--GENERAL INFORMATION
fixed length control field 151120b xxu||||| |||| 00| 0 eng d
040 ## - CATALOGING SOURCE
Transcribing agency RUA
082 ## - DEWEY DECIMAL CLASSIFICATION NUMBER
Classification number FIS EAN 1996 B161 Or.1
100 ## - MAIN ENTRY--PERSONAL NAME
9 (RLIN) 3961
Personal name EANG, BORA.
245 ## - TITLE STATEMENT
Title Economics decentralised seed nursing and breeding of silver barb in prey veng and preah sdech dristricts prey veng provunce, សេដ្ឋកិច្ចនៃការផ្សាំកូនត្រី នងបច្ចេកទេសបង្កាត់ភ្ញាស់ត្រីឆ្ពិននៅមូលដ្ឋានស្រុកព្រៃវែង និង ស្រុកព្រះស្ដេចក្នុងខេត្តក្នុងខេត្ព្រៃវែងត
260 ## - PUBLICATION, DISTRIBUTION, ETC. (IMPRINT)
Place of publication, distribution, etc. Phnom Penh
Name of publisher, distributor, etc. RUA
Date of publication, distribution, etc. 1996
300 ## - PHYSICAL DESCRIPTION
Extent 99p.
Other physical details ill.
Dimensions 29cm.
942 ## - ADDED ENTRY ELEMENTS (KOHA)
Source of classification or shelving scheme
Koha item type FIS
Holdings
Price effective from Date last seen Permanent Location Not for loan Date acquired Source of classification or shelving scheme Koha item type Lost status Withdrawn status Date last checked out Total Checkouts Shelving location Damaged status Barcode Current Location Full call number
2015-11-202015-11-20Library Block B 2015-11-20 FIS    B161 RUA025871Library Block BFIS EAN 1996 B161 Or.1
2015-11-202015-11-20Library Block B 2015-11-20 FIS    B161 RUA011899Library Block BFIS EAN 1996 B161 Or.2
2015-11-202015-11-20Library Block B 2015-11-20 FIS    B161 RUA011619Library Block BFIS EAN 1996 B161 Or.3
2015-11-202015-11-20Library Block B 2015-11-20 FIS    B161 RUA011690Library Block BFIS EAN 1996 B161 Or.4
2015-11-202015-11-20Library Block B 2015-11-20 FIS    B161 RUA011086Library Block BFIS EAN 1996 B161 Or.5
2015-11-202022-04-06Library Block B 2015-11-20 FIS  2022-02-221B161 RUA011861Library Block BFIS EAN 1996 B161 Or.6
2015-11-202015-11-20Library Block B 2015-11-20 FIS    B161 RUA011606Library Block BFIS EAN 1996 B161 Or.7
2015-11-202015-11-20Library Block B 2015-11-20 FIS    B161 RUA011969Library Block BFIS EAN 1996 B161 Or.8
2015-11-202015-11-20Library Block B 2015-11-20 FIS    B161 RUA025581Library Block BFIS EAN 1996 B161 Or.9
2015-11-202015-11-20Library Block B 2015-11-20 FIS    B161 RUA011971Library Block BFIS EAN 1996 B161 Or.10
មជ្ឈមណ្ឌលឯការនៃសាកលវិទ្យាល័យភូមិន្ទកសិកម្មចំការដូង

Powered by Koha